[Event "Prague Festival Masters 2019"]
[Site "Prague"]
[Date "2019.03.07"]
[Round "2.5"]
[White "Duda, Jan-Krzysztof"]
[Black "Laznicka, Viktor"]
[Result "1-0"]
[WhiteElo "2731"]
[BlackElo "2670"]
[Annotator "TA"]
[PlyCount "81"]
[EventDate "2019.03.06"]
[EventType "tourn"]
[EventCountry "CZE"]
[SourceTitle "playchess.com"]
[Source "ChessBase"]
[SourceQuality "1"]

{[%evp 11,81,10,12,0,38,43,51,45,58,46,58,0,52,54,69,46,53,46,75,47,47,47,44,44,44,44,44,43,43,41,38,39,49,41,39,63,63,63,79,79,79,79,79,79,79,79,79,79,79,79,78,72,145,141,209,199,191,193,186,194,197,201,262,254,399,262,706,690,650,316,362,350]} 1. Nf3 d5 2. c4 d4 3. b4 Bg4 4. Qb3 Bxf3 5. Qxf3 c6 6. g3 {A09: Réti Opening: 1 Nf3 d5 2 c4} e5 {LiveBook: 4 Games} 7. b5 $146 ({Predecessor:} 7. Qb3 Nf6 8. Bg2 a5 9. b5 a4 10. Qb2 Bc5 11. O-O O-O {0-1 (46) Howell,D (2644)-Najer,E (2679) Doha 2016}) 7... Nf6 8. Bg2 {White is slightly better.} Be7 9. d3 O-O 10. O-O a6 11. Nd2 (11. bxc6 $14 Nxc6 12. Nd2) 11... Qc7 (11... axb5 $11 12. cxb5 Qc7) 12. bxc6 $14 Nxc6 13. h4 Rab8 14. Rb1 Nd8 15. Ne4 Nd7 16. Bg5 f6 17. Bd2 f5 18. Ng5 Kh8 19. g4 f4 20. Ne4 Ne6 21. g5 Ndc5 22. Nxc5 Nxc5 23. Bb4 b6 24. Qc6 Qa7 25. Bxc5 Bxc5 26. Qe6 Rbe8 27. Qh3 Qe7 28. Bc6 Rd8 29. Kg2 Rd6 30. Be4 Qe8 31. Qf3 Rf7 {[#]} (31... Ba3 $142) 32. Qh5 $1 $16 {[%csl Ge4][%cal Rh5h7]} g6 (32... h6 $16 33. Kf3 Qc8) 33. Qf3 $18 h5 34. gxh6 Rh7 35. Rh1 Rxh6 36. Rbg1 Re6 37. Qg4 Re7 (37... f3+ {keeps fighting.} 38. Bxf3 (38. Qxf3 Qf8 $18) 38... Bb4) 38. Kf3 Rg7 $2 {[#]} (38... Qf8 39. h5 Reh7 40. Bxg6 Rc7) 39. Qg5 $1 {Threatens to win with h5.} Rh5 40. Qf6 (40. Bxg6 $142 Qxg6 41. Qxg6 Rxg6 42. Rxg6) 40... Qe7 41. Rxg6 {Precision: White = 85%, Black = 44%.} 1-0

[Event "Prague Festival Masters 2019"]
[Site "Prague"]
[Date "2019.03.08"]
[Round "3.1"]
[White "Gelfand, Boris"]
[Black "Shankland, Samuel"]
[Result "1-0"]
[WhiteElo "2655"]
[BlackElo "2731"]
[Annotator "TA"]
[PlyCount "117"]
[EventDate "2019.03.06"]
[EventType "tourn"]
[EventCountry "CZE"]
[SourceTitle "playchess.com"]
[Source "ChessBase"]
[SourceQuality "1"]

{[%evp 9,117,22,17,25,16,23,23,23,13,15,17,23,24,16,14,18,27,7,22,22,22,20,25,14,21,25,19,0,141,20,20,29,24,19,38,23,17,0,0,0,20,22,23,14,47,48,45,47,55,46,71,71,77,71,88,88,91,89,88,50,90,64,64,64,73,37,37,37,67,67,131,58,59,58,103,110,103,86,80,62,66,34,35,34,47,51,38,20,54,54,63,13,16,11,11,8,8,8,28,8,63,15,15,0,67,67,29982,29983,29982,29983]} 1. d4 d5 2. c4 c6 3. Nf3 Nf6 4. e3 Bf5 5. Nc3 a6 6. Ne5 {D15: Slav Defence: 4 Nc3 a6 and gambit lines after 4 Nc3 dxc4} Nbd7 7. Qb3 Qc7 8. cxd5 {White has an edge.} Nxe5 9. dxe5 Nxd5 10. Nxd5 cxd5 11. Bd2 Qxe5 12. Rc1 Bd7 13. Qb6 $146 ({Predecessor:} 13. Bc3 Qc7 14. Qxd5 {½-½ (30) Ragger,M (2700)-Prohaszka,P (2591) Austria 2017}) 13... Qd6 14. Qxb7 Rb8 15. Qa7 Rxb2 16. Bxa6 f6 17. a4 Bxa4 18. Bc3 Rb8 (18... Rb3 $1 $11) 19. Bd3 (19. Bb7 $1 $16 Bb5 20. Rb1) 19... Bc6 $11 20. O-O {Black should prevent Be5!} Ra8 21. Qb6 {Hoping for Be5!} Rb8 22. Qa6 {[%mdl 1024] aiming for Bxf6! White has compensation.} Ra8 23. Qb6 Rb8 24. Qa6 Ra8 $1 {[%cal Ra8a6]} 25. Bb4 Rxa6 26. Bxd6 Rb6 {[#]} 27. Rxc6 $1 {[%mdl 512]} Rxc6 28. Bb5 exd6 ({Wrong is} 28... Kd7 $2 29. Bg3 $18) 29. Bxc6+ $14 {[%mdl 4096] Endgame KRB-KRB} Kf7 30. Bxd5+ Kg6 31. Rb1 Be7 32. Rb7 Rc8 {[%cal Rc8c1]} 33. g4 Bd8 34. Be6 Rc1+ 35. Kg2 Bc7 36. Ra7 h5 37. h3 hxg4 38. hxg4 Kh7 39. Ra8 Bb6 {[#]} (39... g5 $14) 40. Rb8 ({White should try} 40. Rf8 $1 $16) 40... Ba5 41. Rf8 Rc7 {[#]} 42. Bg8+ $1 Kh6 43. Bd5 Re7 44. Rh8+ Kg6 $1 45. f4 {f5+ would kill now.} f5 $1 46. gxf5+ Kxf5 47. Kf3 {And now Rf8+ would win.} Kg6 $1 48. e4 Rd7 49. Ra8 Bb6 50. Kg4 Rd8 51. Ra6 Rb8 $1 52. e5 dxe5 53. fxe5 Kh7 54. e6 {Rxb6! is the strong threat.} Bd8 (54... Bc5 $11) 55. Ra7 {Strongly threatening e7.} Bf6 56. Be4+ Kg8 (56... Kh6 $1 $11) 57. e7 Kf7 $2 {[%mdl 8192]} (57... Bxe7 $14 58. Rxe7 Kf8) 58. Bd5+ Kg6 {[#]} 59. e8=Q+ $1 {[%mdl 576] Decoy. Accuracy: White = 55%, Black = 54%.} 1-0

[Event "Prague Festival Masters 2019"]
[Site "Prague"]
[Date "2019.03.08"]
[Round "3.2"]
[White "Laznicka, Viktor"]
[Black "Wojtaszek, Radoslaw"]
[Result "1/2-1/2"]
[WhiteElo "2670"]
[BlackElo "2722"]
[Annotator "TA"]
[PlyCount "71"]
[EventDate "2019.03.06"]
[EventType "tourn"]
[EventCountry "CZE"]
[SourceTitle "playchess.com"]
[Source "ChessBase"]
[SourceQuality "1"]

{[%evp 15,71,0,0,-4,-8,-13,-10,-15,0,0,0,-3,0,0,0,0,-8,-5,0,-11,0,0,-4,-14,-14,-16,-12,-15,-11,-13,-6,-12,0,0,0,0,0,0,0,0,0,0,10,0,0,0,0,0,3,0,1,3,7,6,6,0,14,0]} 1. c4 e6 2. Nf3 d5 3. g3 dxc4 4. Qa4+ Bd7 5. Qxc4 c5 6. Ne5 Nc6 {A13: English Opening: 1...e6} 7. Nxd7 Qxd7 8. Bg2 Nf6 {LiveBook: 22 Games. The position is equal.} 9. d3 (9. Nc3 Rc8 10. Qa4 Be7 11. d3 O-O 12. Bd2 Rfd8 13. O-O c4 14. Rfd1 cxd3 {½-½ (22) Gabuzyan,H (2539)-Pashikian,A (2608) Yerevan 2018}) 9... Be7 10. Nd2 Rc8 11. Nf3 O-O 12. O-O Rfd8 $146 ({Predecessor:} 12... Nd5 13. Qg4 f5 {0-1 (25) Kasprzyk,T-Czerwonski,A (2350) Mikolajki 1991}) 13. Bd2 b6 14. Rfc1 Ne8 15. a3 Nd6 16. Qa2 Nb5 17. Kf1 Nbd4 18. Nxd4 Nxd4 19. Be3 a5 20. a4 Nc6 21. Qb3 Nb4 22. Rc4 Bf6 23. Bd2 Rc7 24. h4 g6 25. h5 Qe7 26. Bf3 Bd4 27. hxg6 hxg6 28. Kg2 Kg7 29. Rh1 Rh8 30. Rxh8 Kxh8 31. Rc1 {[%cal Bc4c1,Bc1h1,Bh1h4][%mdl 32]} Kg7 32. Bc3 Rd7 33. Qc4 Rd8 34. Rh1 Qf6 35. Rh4 Qe5 36. Rh1 {Precision: White = 67%, Black = 79%.} 1/2-1/2

[Event "Prague Festival Masters 2019"]
[Site "Prague"]
[Date "2019.03.08"]
[Round "3.3"]
[White "Rapport, Richard"]
[Black "Vidit, Santosh Gujrathi"]
[Result "1/2-1/2"]
[WhiteElo "2738"]
[BlackElo "2711"]
[Annotator "TA"]
[PlyCount "60"]
[EventDate "2019.03.06"]
[EventType "tourn"]
[EventCountry "CZE"]
[SourceTitle "playchess.com"]
[Source "ChessBase"]
[SourceQuality "1"]

{[%evp 13,60,4,7,2,6,6,16,5,11,8,13,11,16,0,0,0,0,0,0,0,0,0,0,0,0,0,2,2,0,0,6,0,0,0,0,0,2,0,5,0,0,0,0,0,0,0,0,0,0]} 1. c4 c5 2. Nf3 Nc6 3. d4 cxd4 4. Nxd4 Nf6 5. Nc3 e6 6. Bg5 Be7 7. e3 O-O {The position is equal.} 8. Be2 {A33: Symmetrical English: 2 Nf3 Nf6 3 d4 cxd4 4 Nxd4 e6 5 Nc3 Nc6} h6 9. Bh4 d5 10. cxd5 Nxd5 (10... exd5 11. O-O Be6 12. Rc1 Qd7 13. Nxe6 fxe6 14. Bd3 Rad8 15. Bb1 Qe8 {1-0 (40) Wojtaszek,R (2749)-Radjabov,T (2710) Doha 2016}) 11. Nxc6 $146 ({Predecessor:} 11. Bxe7 Ndxe7 12. Nxc6 Nxc6 13. O-O Qf6 14. Qc2 Ne7 {½-½ (37) Volz,A (1480)-Grewenig,J (1607) Verden/Aller 2007}) 11... bxc6 12. Bxe7 Qxe7 13. Qc2 Rb8 14. O-O Qc5 15. Rab1 e5 16. Rfc1 Nxc3 17. Qxc3 Qxc3 18. Rxc3 Bf5 19. Bd3 Bxd3 20. Rxd3 Rfd8 21. Rxd8+ Rxd8 $11 {[%mdl 4096] Endgame KR-KR} 22. g4 Rd2 23. a4 Rc2 24. b4 Kh7 25. Kg2 f6 26. Kg3 Rc4 27. b5 Rxa4 28. bxc6 {[#] Rc1 is the strong threat.} Rc4 29. Ra1 Rxc6 30. Rxa7 Rc4 {Accuracy: White = 73%, Black = 91%.} 1/2-1/2

[Event "Prague Festival Masters 2019"]
[Site "Prague"]
[Date "2019.03.08"]
[Round "3.4"]
[White "Navara, David"]
[Black "Vitiugov, Nikita"]
[Result "1/2-1/2"]
[WhiteElo "2739"]
[BlackElo "2726"]
[Annotator "TA"]
[PlyCount "68"]
[EventDate "2019.03.06"]
[EventType "tourn"]
[EventCountry "CZE"]
[SourceTitle "playchess.com"]
[Source "ChessBase"]
[SourceQuality "1"]

{[%evp 18,68,11,17,15,-11,0,-7,-18,-3,-10,-22,-35,-49,0,-5,-5,-6,-6,-6,-5,-6,-6,-6,-6,-8,-8,-6,-8,-14,0,0,0,0,0,0,0,-8,-8,-1,-1,-8,-8,-8,-8,-8,-8,-8,-8,-10,-10,-16,0]} 1. d4 {Nisipeanu,L} Nf6 2. c4 e6 3. Nf3 d5 4. Nc3 dxc4 5. e4 Bb4 6. Bxc4 {D24: Queen's Gambit Accepted: 3 Nf3 Nf6 4 Nc3} Nxe4 7. O-O Nxc3 (7... Nf6 8. Qa4+ Nc6 9. Bg5 Bxc3 10. bxc3 O-O 11. Ne5 Qd6 12. Rfe1 Nd5 13. Bxd5 exd5 14. Nxc6 Qxc6 15. Qxc6 bxc6 {½-½ (31) Mamedyarov,S (2817)-Duda,J (2738) Wijk aan Zee 2019}) 8. bxc3 Be7 9. Ne5 O-O 10. Qg4 {LiveBook: 128 Games} Nc6 11. Bh6 {[%csl Gh6][%cal Rg4g7] [#]} Bf6 12. Rad1 Ne7 13. Rfe1 c5 {[#]} 14. Qf3 $146 cxd4 {[#] aiming for ...Bxe5.} 15. cxd4 Nd5 16. Bc1 {The position is equal.} Bd7 17. Ba3 Re8 $1 18. Bxd5 exd5 19. Qxd5 Bxe5 20. dxe5 Ba4 21. Qxd8 Raxd8 22. Rxd8 Rxd8 $11 {[%mdl 4096] Endgame KRB-KRB} 23. Rc1 Rd1+ (23... Bc6 {looks sharper.} 24. Bc5 Rd5 25. Bxa7 Rxe5 26. a3 Re2) 24. Rxd1 Bxd1 {KB-KB} 25. f4 Bg4 26. Bd6 Be6 27. a4 b6 28. Bb8 a6 29. Bc7 b5 30. axb5 axb5 31. Bd6 h5 32. Kf2 Kh7 33. g3 Kg6 34. Bf8 f6 {Precision: White = 36%, Black = 77%.} 1/2-1/2

[Event "Prague Festival Masters 2019"]
[Site "Prague"]
[Date "2019.03.08"]
[Round "3.5"]
[White "Harikrishna, Pentala"]
[Black "Duda, Jan-Krzysztof"]
[Result "1-0"]
[WhiteElo "2730"]
[BlackElo "2731"]
[Annotator "TA"]
[PlyCount "55"]
[EventDate "2019.03.06"]
[EventType "tourn"]
[EventCountry "CZE"]
[SourceTitle "playchess.com"]
[Source "ChessBase"]
[SourceQuality "1"]

{[%evp 11,55,31,38,32,47,22,35,12,22,14,21,20,26,27,14,18,192,189,216,227,212,205,354,357,364,370,364,370,402,349,346,351,473,458,533,472,446,438,575,575,574,532,549,543,606,596]} 1. e4 c5 2. Nf3 Nc6 3. Nc3 Nf6 4. Bb5 Qc7 5. O-O Nd4 6. Re1 a6 7. Bf1 {B30: Sicilian: 2...Nc6 3 Bb5, lines without ...g6} Ng4 {[#] ( -> ...Nxf3+)} 8. e5 {Strongly threatening Nxd4.} (8. g3 Nxf3+ 9. Qxf3 Ne5 10. Qe2 d6 11. Nd5 Qd8 12. Bg2 e6 13. Ne3 g6 14. b4 cxb4 {1-0 (35) Wei,Y (2735)-Inarkiev,E (2690) Magas 2018}) 8... Nxf3+ 9. Qxf3 {White is slightly better.} Nxe5 10. Qh5 Ng6 11. Nd5 Qd6 12. d4 cxd4 13. Bd2 $36 {[%mdl 2048] White is more active.} e6 $146 (13... b6 $1 $11 {and Black has nothing to worry.}) ({Predecessor:} 13... b6 14. Bb4 Qc6 15. Bxe7 Nxe7 16. Rxe7+ Bxe7 {½-½ (34) Dimitrov,D (2395)-Petkov,S (2378) ICCF email 2009}) 14. Ba5 $18 b6 15. Bxb6 Nf4 16. Qh4 {[%csl Gb6][%cal Rh4d8]} Be7 (16... f6 $142) 17. Nxe7 {Nf5 is the strong threat.} Qxb6 18. Nxc8 ({Not} 18. Qxf4 Kxe7 19. Rad1 Rb8 $16) 18... Rxc8 19. Qxf4 Rxc2 20. b3 O-O 21. Red1 Qa5 22. Qxd4 {White is clearly winning.} Rxa2 23. Rxa2 Qxa2 24. Qa4 Qc2 25. Rxd7 g6 26. g3 a5 27. Ra7 Rb8 {[#]} 28. Rxf7 $1 {[%mdl 576] Decoy. Accuracy: White = 88%, Black = 40%.} 1-0

[Event "Prague Festival Masters 2019"]
[Site "Prague"]
[Date "2019.03.09"]
[Round "4.1"]
[White "Rapport, Richard"]
[Black "Laznicka, Viktor"]
[Result "1-0"]
[WhiteElo "2738"]
[BlackElo "2670"]
[Annotator "TA"]
[PlyCount "75"]
[EventDate "2019.03.06"]
[EventType "tourn"]
[EventCountry "CZE"]
[SourceTitle "playchess.com"]
[Source "ChessBase"]
[SourceQuality "1"]

{[%evp 11,75,4,8,0,11,2,0,0,2,0,43,-13,42,16,22,0,0,-8,3,-5,-5,-12,-11,-13,14,-17,-16,-17,-18,-31,0,-6,7,-22,0,-11,-13,-20,-23,-37,-35,-50,-46,-46,-24,-24,-24,-40,-10,-28,0,0,0,10,48,39,160,160,204,186,776,773,766,757,752,747]} 1. e4 e5 2. Bc4 Nf6 3. Nc3 Nc6 4. d3 Na5 5. Bb3 Nxb3 6. axb3 d5 7. Nf3 {C28: Vienna Game: 2...Nf6 3 Bc4 Nc6} (7. exd5 Nxd5 8. Qh5 Nb4 9. Qxe5+ Be7 10. Qe2 O-O 11. Qd1 Re8 12. Nge2 b6 13. O-O Bb7 14. Be3 Qd7 15. Qd2 {1-0 (38) Ivanchuk,V (2769)-Chadaev,N (2580) Astana 2012}) 7... dxe4 8. dxe4 $146 {Black must now prevent Qxd8+.} ({Predecessor:} 8. Nxe5 exd3 9. Qxd3 Qxd3 10. Nxd3 Bf5 11. Nb5 Bd6 12. Nxd6+ cxd6 13. Be3 Bxd3 14. cxd3 Nd5 15. Ra5 Nb4 16. Rb5 Nc2+ {½-½ (16) Casper,T (2430)-Khalifman,A (2515) Moscow 1987}) 8... Qxd1+ 9. Kxd1 {The position is equal.} Bd6 10. Bg5 Nd7 11. Ke2 (11. Nd2 $14) 11... a6 (11... b6 $11) 12. Rhd1 Rb8 13. Nd2 {With the idea Nc4.} b5 14. Nf1 Nc5 15. Ng3 Ne6 16. Be3 g6 17. Nd5 Nf4+ (17... h5 {is interesting.} 18. f3 Bb7 19. Nf6+ Ke7 20. Nd5+ Kf8) 18. Kf1 (18. Bxf4 {looks sharper.} exf4 19. Nh1 f5 20. f3 Kf7 21. Nf2) 18... Nxd5 19. Rxd5 Bb7 20. Rd3 h5 21. f3 Ke7 22. Nh1 f5 23. Bg5+ Ke6 24. Nf2 Rhf8 25. Ke2 Ra8 26. Bh6 Rfb8 27. Bd2 b4 28. c4 a5 29. Be3 Ra6 30. Rdd1 f4 31. Bd2 g5 32. g3 Rba8 33. gxf4 gxf4 (33... exf4 $14 34. Rg1 Rg8) 34. Rg1 $16 a4 {[#]} 35. Rg7 $1 a3 $2 (35... Rf8) 36. Rag1 $18 {[%cal Rg1g6] White is clearly winning.} Rf8 37. Nh3 {Threatening mate with R1g6+.} Be7 {[#]} 38. Bxb4 $1 {[%mdl 512] Accuracy: White = 43%, Black = 36%.} 1-0

[Event "Prague Festival Masters 2019"]
[Site "Prague"]
[Date "2019.03.09"]
[Round "4.2"]
[White "Duda, Jan-Krzysztof"]
[Black "Navara, David"]
[Result "1-0"]
[WhiteElo "2731"]
[BlackElo "2739"]
[Annotator "TA"]
[PlyCount "79"]
[EventDate "2019.03.06"]
[EventType "tourn"]
[EventCountry "CZE"]
[SourceTitle "playchess.com"]
[Source "ChessBase"]
[SourceQuality "1"]

{[%evp 14,79,7,0,5,0,0,0,6,2,6,6,15,18,6,12,19,10,33,26,45,3,15,8,27,30,43,31,57,62,60,43,60,63,60,43,51,62,70,48,51,40,50,0,0,0,25,0,60,73,104,97,104,100,581,568,1771,1717,1562,1493,1232,651,648,622,612,603,573,568]} 1. Nf3 d5 2. d4 Nf6 3. c4 c6 4. e3 e6 5. Nbd2 c5 6. dxc5 Bxc5 7. a3 {D30: Queen's Gambit Declined: Systems without Nc3} a5 8. Qc2 {LiveBook: 9 Games} (8. cxd5 exd5 9. Nb3 Bb6 10. Nbd4 Nc6 11. b3 Bg4 12. Bb2 Bxd4 13. Bxd4 Bxf3 14. gxf3 O-O {½-½ (65) Mamedyarov,S (2757)-Erdos,V (2658) Warsaw 2013}) 8... O-O 9. b3 {The position is equal.} b6 10. Bb2 Bb7 11. Bd3 Nbd7 {[%cal Bb8d7,Bd7e5,Be5d3][%mdl 32]} 12. cxd5 exd5 13. Bd4 {[#]} Bxd4 $146 ({Predecessor:} 13... Qe7 14. Qb2 Ne4 {0-1 (37) Perez Pardo,J (2297)-Bhat,V (2540) Caleta 2010}) 14. Nxd4 Ne5 {And now ...Rc8 would win.} 15. Be2 Ne4 16. O-O Qc8 {Threatens to win with ...Qxc2.} 17. Qa2 Nc3 18. Qb2 Nxe2+ 19. Nxe2 Nd3 20. Qb1 Ba6 21. Rd1 Re8 22. Nf3 Ne5 23. Nxe5 Bxe2 24. Rc1 Qb7 25. Qb2 Bh5 26. Nd3 f6 27. Nf4 $36 {[%mdl 2048] White has the initiative.} Bf7 28. h3 d4 $1 {[%cal Rd4e3]} 29. Qxd4 Bxb3 30. a4 {[%cal Ba3a4,Ba4b5,Bb5b6][%mdl 32]} b5 ({Black should play} 30... Rad8 $11 31. Qc3 Bf7) 31. axb5 $14 a4 {[#]} 32. Rc5 $1 Rec8 33. Ne2 Qe7 $2 {[%mdl 8192] [#]} (33... a3 $16 {is more resistant.}) 34. Rxa4 $1 $18 {[%mdl 512] White is clearly winning.} Rxc5 (34... Rxa4 35. Rxc8+) 35. Rxa8+ Kf7 36. b6 Rd5 37. Ra7 Rxd4 38. Nxd4 Bd5 {If only Black now had time for ...Bb7....} 39. Rxe7+ Kxe7 40. Nf5+ {Precision: White = 61%, Black = 50%.} 1-0

[Event "Prague Festival Masters 2019"]
[Site "Prague"]
[Date "2019.03.09"]
[Round "4.3"]
[White "Vitiugov, Nikita"]
[Black "Gelfand, Boris"]
[Result "1/2-1/2"]
[WhiteElo "2726"]
[BlackElo "2655"]
[Annotator "TA"]
[PlyCount "111"]
[EventDate "2019.03.06"]
[EventType "tourn"]
[EventCountry "CZE"]
[SourceTitle "playchess.com"]
[Source "ChessBase"]
[SourceQuality "1"]

{[%evp 30,111,0,0,0,0,0,6,7,0,0,0,0,0,0,0,0,0,0,-7,-2,-38,-41,-49,-41,-35,-22,-21,0,-23,-14,-15,-11,-41,-52,-58,-59,-74,-74,-75,-75,-106,-106,-106,-106,-114,-114,-114,-114,-114,-106,-114,-109,-109,-109,-109,-108,-109,-108,-109,-106,-106,-106,-106,-106,-106,-97,-108,-97,-97,-97,-97,-97,-108,-108,-108,-108,-108,-108,-108,-108,-108,-108,-108]} 1. e4 c5 2. Nf3 Nc6 3. d4 cxd4 4. Nxd4 Nf6 5. Nc3 e5 6. Ndb5 d6 7. Bg5 a6 8. Na3 b5 9. Nd5 Be7 10. Bxf6 Bxf6 11. c3 Rb8 12. Nc2 Bg5 13. Be2 O-O 14. O-O Be6 15. Qd3 a5 16. Rfd1 b4 {B33: Sicilian: Pelikan and Sveshnikov Variations} (16... Kh8 17. Nce3 Qd7 18. a3 a4 19. Nb4 Rfd8 20. Nxc6 Qxc6 21. Nd5 Qc5 22. Qg3 Bh6 23. Bg4 Qa7 24. Rd3 {1-0 (44) Georgiev,K (2593)-Banusz,T (2612) Valjevo 2018}) 17. Nce3 bxc3 18. bxc3 Ne7 {[#] The position is equal.} 19. a4 $146 ({Predecessor:} 19. Rab1 Rxb1 20. Rxb1 Bxe3 21. fxe3 Nxd5 22. exd5 Bd7 23. c4 Qc7 24. Qb3 Qc5 25. Qb6 Qa3 26. Qb3 Qc5 27. Qb6 Qa3 28. Qb3 Qc5 {½-½ (28) Csjernyik,J (2504)-Mayer,R (2461) ICCF email 2008}) 19... Nxd5 20. Nxd5 Rb2 21. Rab1 Qb8 22. c4 g6 23. Rxb2 Qxb2 24. Rb1 Qa2 25. Qd1 Bxd5 26. exd5 e4 27. Ra1 Qb2 28. Rb1 Qa3 29. Qb3 (29. Qc2 {keeps more tension.} f5 30. g3 Rc8 31. Kg2 Bf6 32. Rb7) 29... Qxb3 30. Rxb3 $11 {[%mdl 4096] Endgame KRB-KRB} Bd2 31. Rb7 (31. c5 $5 dxc5 32. Bc4 $15) 31... Bb4 32. Re7 f5 33. c5 Bxc5 {Black is better.} 34. Bb5 Rf7 35. Rxf7 Kxf7 $17 {KB-KB} 36. Kf1 Kf6 37. Ke2 Ke5 38. Bc6 Bb6 39. Bb7 Bd8 40. Bc6 Bg5 41. Bb7 Bf4 42. h3 Bg5 43. Bc6 Bd8 44. Bb7 h5 45. Bc6 h4 46. f3 Bb6 47. fxe4 Kxe4 48. Bb7 Kf4 49. Bc6 Bc5 50. Be8 g5 51. Bd7 g4 52. Be6 gxh3 53. gxh3 Ke4 54. Bd7 f4 55. Bc6 f3+ 56. Kf1 {Accuracy: White = 53%, Black = 91%.} 1/2-1/2

[Event "Prague Festival Masters 2019"]
[Site "Prague"]
[Date "2019.03.09"]
[Round "4.4"]
[White "Vidit, Santosh Gujrathi"]
[Black "Shankland, Samuel"]
[Result "0-1"]
[WhiteElo "2711"]
[BlackElo "2731"]
[Annotator "TA"]
[PlyCount "104"]
[EventDate "2019.03.06"]
[EventType "tourn"]
[EventCountry "CZE"]
[SourceTitle "playchess.com"]
[Source "ChessBase"]
[SourceQuality "1"]

{[%evp 15,104,7,12,12,29,-8,10,-64,-59,-76,-75,-76,-54,-72,-51,-54,-58,-52,-58,-44,-52,-64,-41,-49,-39,-77,0,-1,0,0,0,0,0,0,0,0,0,-115,-115,-115,-115,-122,-115,-123,-116,-122,-122,-122,-122,-122,-116,-123,-123,-122,-123,-116,-116,-123,-123,-273,0,-58,0,-281,-281,-281,-281,-281,-281,-748,-748,-748,-748,-748,-748,-748,-741,-733,-733,-733,-733,-719,-719,-704,-702,-694,-679,-653,-639,-624,-613]} 1. d4 Nf6 2. c4 g6 3. Nc3 d5 4. cxd5 Nxd5 5. e4 Nxc3 6. bxc3 Bg7 7. Qa4+ Nd7 {[%cal Bb8d7,Bd7e5,Be5f3][%mdl 32]} 8. Nf3 O-O 9. Be2 {D85: Exchange Grünfeld: Unusual White 7th moves and lines with 7 Nf3} e5 (9... Nb6 10. Qb4 Qd6 11. O-O Bg4 12. Qb3 c6 13. Rd1 Qc7 14. Ba3 Nc8 15. Rac1 Bxf3 16. Bxf3 Rd8 {1-0 (29) Inarkiev,E (2683)-Li,C (2741) Palma de Mallorca 2017}) 10. Ba3 Re8 11. dxe5 $146 (11. d5 $11) ({Predecessor:} 11. d5 Nb6 12. Qb3 c6 13. dxc6 Be6 14. c4 Qc7 15. cxb7 Rab8 16. Ng5 Rxb7 17. Nxe6 Rxe6 {1-0 (46) Lalith,B (2525)-Aravindh,C (2573) Patna 2017}) 11... Nxe5 $15 12. Rd1 Bd7 13. Qb3 Nxf3+ 14. gxf3 Qc8 15. h4 Be6 16. c4 Rd8 17. Rxd8+ Qxd8 18. Bb2 Bd4 19. Kf1 Rb8 20. Qa3 Qf6 {[#]} (20... c5 $17) 21. Qxa7 $1 $11 {[%mdl 512]} Rd8 (21... Bxa7 22. Bxf6) 22. Bxd4 Rxd4 23. Qb8+ Qd8 24. Qxb7 Rd2 25. Qa7 Qf6 {And now ...Bxc4! would win.} 26. Qxc7 (26. Qe3 $11 {remains equal.} Rxa2 27. Kg2) 26... h5 $1 $17 {White must now prevent ...Qd4.} ({Much weaker is} 26... Qb2 $6 27. h5 $11) 27. Qb8+ Kh7 {[%mdl 1024] Black has strong compensation.} 28. Qb3 Qd4 {aiming for ...Rxe2!} 29. Qe3 Qb2 30. f4 Qc2 $1 31. Bf3 Rd3 $1 {[%cal Rd3e3]} 32. Qe2 Qc3 $1 33. f5 gxf5 34. Kg2 Rd2 $1 {[%cal Rd2e2]} 35. Qe1 Qg7+ $1 36. Kh2 Qd4 $36 {[%mdl 2048] Black is really pushing.} 37. Kg2 {[#]} (37. exf5 $17 Bxc4 38. Kg2) 37... Qg7+ $2 ({Better is} 37... f4 $1 $19 38. e5 Kh6) 38. Kh2 $15 Qd4 $2 (38... Qe5+ $1 $15 39. Kg2 Qg7+) 39. Kg2 $1 $19 {[#]} f4 $1 {( -> ...Qg7+)} 40. e5 {Qe4+ is the strong threat.} Kh6 41. Rf1 Bxc4 {[%mdl 64] Double Attack} 42. Rg1 $2 (42. a4) 42... Rxa2 {Black is clearly winning.} 43. Kh1 Rxf2 44. Qb4 Qd8 {[%cal Rd8h4]} 45. Qd6+ Qxd6 46. exd6 Rxf3 {[%mdl 4096] Endgame KRB-KR} 47. Rd1 Rh3+ 48. Kg2 Rg3+ 49. Kf2 Rg8 50. Kf3 Rd8 51. Kxf4 Kg6 52. Ke5 f6+ {Accuracy: White = 68%, Black = 76%.} 0-1

[Event "Prague Festival Masters 2019"]
[Site "Prague"]
[Date "2019.03.09"]
[Round "4.5"]
[White "Wojtaszek, Radoslaw"]
[Black "Harikrishna, Pentala"]
[Result "1/2-1/2"]
[WhiteElo "2722"]
[BlackElo "2730"]
[Annotator "TA"]
[PlyCount "70"]
[EventDate "2019.03.06"]
[EventType "tourn"]
[EventCountry "CZE"]
[SourceTitle "playchess.com"]
[Source "ChessBase"]
[SourceQuality "1"]

{[%evp 18,70,0,0,20,26,25,22,25,14,24,22,20,22,20,21,18,16,20,5,9,14,59,44,47,50,47,45,53,42,50,0,0,0,0,0,0,0,0,0,0,0,0,0,0,0,0,0,0,0,0,0,0,0,0]} 1. d4 Nf6 2. c4 e6 3. Nf3 d5 4. g3 Be7 5. Bg2 O-O 6. O-O dxc4 7. Qa4 a6 8. Qxc4 b5 9. Qc2 Bb7 10. Bd2 Bd6 {E05: Open Catalan: 5 Nf3 Be7} (10... Be4 11. Qc1 Bb7 12. Rd1 Qc8 13. Ba5 c5 14. dxc5 Bxc5 15. Nbd2 Nbd7 16. Nb3 Ba7 17. Qf4 Nb6 18. Bxb6 Bxb6 19. Rac1 Qe8 20. Ne5 Bxg2 21. Kxg2 {½-½ (75) Ding,L (2813)-Radjabov,T (2757) Wijk aan Zee 2019}) 11. Re1 Be4 12. Qc1 Bb7 13. a3 Nbd7 14. b4 Ra7 {[#]} 15. Nc3 $146 ({Predecessor:} 15. a4 Qa8 16. axb5 axb5 17. Rxa7 Qxa7 18. Nc3 Bxb4 19. Nxb5 Qa5 20. Bxb4 {½-½ (22) Laznicka,V (2654)-Movsesian,S (2666) Pardubice 2016}) 15... Ne4 16. Nxe4 Bxe4 17. Ng5 Bxg2 18. Qc2 {[%csl Gg5][%cal Rc2h7] [#]} g6 {Threatens to win with ...Bb7.} 19. Kxg2 e5 20. dxe5 Nxe5 21. Ne4 Nc4 22. Bc3 Be7 23. Rad1 Qa8 {[#] And now ...f5 would win.} 24. Rd7 c5 $1 {The position is equal.} 25. Rxa7 Qxa7 26. Nf6+ Bxf6 $1 27. Bxf6 a5 28. e4 cxb4 {Strongly threatening ...Qc7.} 29. Qc1 {Qh6 would kill now.} Qb6 30. e5 Qc6+ ({And not} 30... bxa3 31. Qh6 Qb7+ 32. f3 Ne3+ 33. Rxe3 Qxf3+ 34. Rxf3 Re8 35. Qg7#) 31. f3 {Threatening mate with Qh6.} Nxe5 $1 32. Bxe5 Qxc1 33. Rxc1 {Black must now prevent axb4.} bxa3 34. Rc5 f6 $1 {[%cal Rf6e5]} 35. Rxb5 {Bd6 is the strong threat.} fxe5 {Accuracy: White = 87%, Black = 85%.} 1/2-1/2